|
|
|
|
| LEADER |
01012nam a2200301 4500 |
| 001 |
000006491 |
| 003 |
2647 |
| 005 |
20110915090959.0 |
| 008 |
110913s2010 viesd |
| 041 |
0 |
|
|a vie
|
| 082 |
|
|
|a 353.8
|b QUA
|
| 245 |
|
0 |
|a Quản lí giáo dục hoà nhập
|c Trần Ngọc Giao, Lê Văn Tạc (đồng chủ biên), Nguyễn Xuân Hải...
|
| 260 |
|
|
|a H.
|b Nxb. Phụ Nữ
|c 2010
|
| 300 |
|
|
|a 398 tr.
|c 27 cm
|
| 490 |
|
|
|a Bộ Giáo dục và đào tạo
|
| 653 |
|
|
|a Giáo dục
|
| 653 |
|
|
|a Quản lí
|
| 910 |
|
|
|a Minh
|d 13/9/2011
|
| OWN |
|
|
|a LSP
|
| AVA |
|
|
|a UDN50
|b LSP
|d 353.8 QUA
|e check_holdings
|t Error 5003 Not defined in file expand_doc_bib_avail.
|h N
|k 1
|
| 999 |
|
|
|a From the UDN01
|
| AVA |
|
|
|a UDN50
|b LSP
|d 353.8 QUA
|e available
|t Error 5001 Not defined in file expand_doc_bib_avail.
|f 67
|g 22
|h N
|i 75
|k 1
|
| TYP |
|
|
|a Monograph
|
| TYP |
|
|
|a Printed language
|
| 980 |
|
|
|a Mạng thư viện Đại học Đà Nẵng
|